| 000 | 00397cam a2200169ua 4500 | ||
|---|---|---|---|
| 020 | _c2.75 | ||
| 041 |
_aeng _h |
||
| 082 |
_a930 _bKUR/PR |
||
| 100 | _aKurup, K.E . | ||
| 245 |
_aPre Degree world history / _cK.E.Kurup. _hTextual Documents |
||
| 260 |
_aThrissur : _bCurrent Books , _c1964. |
||
| 300 | _a216 ; . | ||
| 365 | _a2.75 | ||
| 504 | _a | ||
| 942 | _cBK | ||
| 999 |
_c11847 _d11847 |
||